Comprender el comportamiento de los consumidores en una semana

Spremljeno u:
Bibliografski detalji
Glavni autor: Cave, Susan (Autor)
Format: Knjiga
Jezik:španjolski
Izdano: Barcelona Gestión 2000 2005
Izdanje:1a. ed
Serija:Habilidades Directivas
Teme:
Oznake: Dodaj oznaku
Bez oznaka, Budi prvi tko označuje ovaj zapis!

MARC

LEADER 00000nam a2200000 a 4500
001 UCI5003
003 CL-VaPUC
008 080311e20050000SP |||||||||||||||||spa|d
020 |a 8496426017 
082 0 4 |a 658.8342  |b CAV  |2 21 
100 0 |a Cave, Susan  |e author  |9 527032 
245 1 0 |a Comprender el comportamiento de los consumidores en una semana 
250 |a 1a. ed 
300 |a 127 p 
942 |c BK 
945 |d 20080311 00:00:00  |a cmena 
260 |a Barcelona  |b Gestión 2000  |c 2005 
500 |a www.gestion2000.com 
650 0 |a Consumidores  |9 315658 
650 0 |a Investigación de mercado  |9 332310 
650 0 |a Marketing  |9 259324 
650 0 |a Gestión de ventas  |9 407932 
583 |a last modification  |c 20160928 09:57:11  |k Rodrigo Vera 
490 0 |a Habilidades Directivas 
999 |c 328770  |d 328768